[Event "Odorheiu Secuiesc zt"]
[Site "Odorheiu Secuiesc"]
[Date "1995.??.??"]
[Round "6"]
[White "Gdanski, Jacek"]
[Black "Varga, Zoltan"]
[Result "0-1"]
[WhiteElo "2490"]
[BlackElo "2460"]
[Annotator "Hecht,H"]
[PlyCount "129"]
[EventDate "1995.03.??"]
[EventType "swiss"]
[EventRounds "9"]
[EventCountry "ROU"]
[SourceTitle "CBM 047"]
[Source "ChessBase"]
[SourceDate "1995.08.01"]
[SourceVersion "1"]
[SourceVersionDate "1995.08.01"]
[SourceQuality "1"]

1. e4 Nf6 2. e5 Nd5 3. d4 d6 4. Nf3 g6 5. Bc4 Nb6 6. Bb3 Bg7 7. exd6 cxd6 8. h3
O-O 9. O-O Nc6 10. Re1 Na5 11. Bg5 Re8 12. Nc3 h6 13. Bh4 g5 14. Bg3 Nxb3 15.
axb3 Bf5 16. h4 g4 17. Nh2 h5 18. Nf1 Bg6 19. Qd2 a6 20. d5 Rc8 21. Bf4 Qc7 22.
Be3 Nd7 23. Bd4 Bxd4 24. Qxd4 Bxc2 25. Qf4 Bg6 26. Ng3 Nf6 27. Nf5 Qd7 28.
Nxe7+ Rxe7 29. Qxf6 Rce8 30. Rxe7 Qxe7 31. Qxe7 Rxe7 32. Kh2 {RN<->RB Motive:
wB-Schwächen, starker sL mit Freibauer} Re5 33. b4 Bc2 34. Ra5 Bd3 35. Ra1 Kg7
36. Rd1 Bg6 37. b5 a5 38. b6 Re8 39. Ra1 Ra8 40. b4 Rc8 41. Nb5 axb4 42. Nxd6
Rd8 43. Nxb7 Rb8 44. Na5 Rxb6 45. Rd1 Kf8 46. Nc4 Rb5 47. d6 Ke8 48. d7+ Kd8
49. Nd6 Rb8 50. Nc4 f6 51. Rd6 Bf5 52. Rxf6 Bxd7 53. Rh6 Rb5 54. Kg3 b3 55. Nb2
Kc7 56. f3 Rd5 57. Ra6 Rd2 58. Ra7+ Kb8 59. Nc4 Rd4 60. Ra3 Rxc4 61. Rxb3+ Kc7
62. Ra3 Kd6 63. Ra5 Be8 64. Rg5 gxf3 65. gxf3 0-1

[Event "Itau Mercosul Cup 3rd"]
[Site "Sao Paulo"]
[Date "1999.??.??"]
[Round "9"]
[White "Matsuura, Everaldo"]
[Black "Milos, Gilberto"]
[Result "0-1"]
[WhiteElo "2408"]
[BlackElo "2586"]
[Annotator "Hindemburg,Melao"]
[PlyCount "128"]
[EventDate "1999.10.??"]
[EventType "swiss"]
[EventRounds "9"]
[EventCountry "BRA"]
[SourceTitle "EXT 2000"]
[Source "ChessBase"]
[SourceDate "1999.11.16"]
[SourceVersion "1"]
[SourceVersionDate "1999.11.16"]
[SourceQuality "1"]

1. e4 Nf6 2. e5 Nd5 3. d4 d6 4. Nf3 g6 5. Bc4 Nb6 6. Bb3 Bg7 7. Ng5 e6 8. Qf3
Qe7 9. Ne4 dxe5 10. Bg5 Qb4+ 11. c3 Qa5 12. Bf6 Bxf6 (12... O-O 13. Bxg7 Kxg7
14. Qf6+ Kg8 15. Qxe5 Nc6 16. Nf6+ Kh8 17. Qf4 Kg7 18. Ng4 Qf5 19. Qh6+ Kg8 20.
f3 {Kruppa,Y-Khmelnitsky,I/Kiev 1989/Inf 48 (20)}) 13. Qxf6 O-O 14. Qxe5 Nc6 (
14... Qxe5 15. dxe5 Bd7 16. Nbd2 Bc6 17. O-O-O a5 18. f4 {Mokry,K-Brunner,L/
Gausdal 1988/Inf 46 (18)}) 15. Qxa5 $146 (15. Qxc7 Nxd4 16. O-O Nxb3 17. axb3
Qxa1 18. Nf6+ Kg7 19. Qe5 Rd8 20. Nd2 Qxb2 21. Nde4 Qe2 22. Nd7+ Kh6 23. Qg5+
Kg7 24. Qf6+ Kh6 25. Ne5 Rf8 26. f3 Qe3+ 27. Kh1 Nd7 28. Ng4+ Kh5 29. Ng3# {
1-0 Ljubojevic,L-Alburt,L/New York 1985/Inf 39 (29)}) 15... Nxa5 16. Bc2 Nac4
17. b3 Nd6 18. Nxd6 cxd6 19. c4 d5 20. c5 Nd7 21. Nc3 Nb8 22. a3 Nc6 23. O-O-O
b6 24. cxb6 $2 ({com o natural} 24. b4 $16 {as Brancas teriam uma posição
muito confortável.}) 24... axb6 $13 25. Kb2 Bd7 26. Rd2 Ra7 27. Nb5 Ra5 28. Bd3
Rfa8 29. Nc7 Rc8 30. Nb5 Ne7 31. a4 Kf8 32. Rc1 Rxc1 33. Kxc1 Nc6 34. Kb2 Ke7
35. Be2 Ra8 36. Nc3 Na7 37. Rc2 Kd6 38. Bb5 g5 39. Bxd7 Kxd7 40. Ne2 Nc6 41.
Ka3 g4 42. b4 Rg8 43. b5 Na5 44. Nc1 h5 45. Nb3 Nc4+ 46. Kb4 Rb8 47. Rc3 Ra8
48. h3 f5 49. h4 f4 50. Nc1 Nb2 51. Rc6 Rxa4+ (51... Nxa4 52. Nd3 $16 {>< Ph5,
Pe6, Pb6}) 52. Kb3 Ra5 53. Rxb6 Nc4 54. Rb7+ Kc8 55. Rh7 Rxb5+ 56. Kc3 g3 57.
fxg3 fxg3 58. Rxh5 $6 (58. Ne2 $5) 58... Rb2 59. Nd3 Rxg2 60. Nf4 (60. Rg5 $5)
60... Rf2 $19 61. Nxe6 Rf3+ $1 62. Kb4 g2 63. Rg5 Ne3 64. Kc5 Rf1 0-1

[Event "UKR-ch"]
[Site "Simferopol"]
[Date "1990.??.??"]
[Round "?"]
[White "Kruppa, Yuri"]
[Black "Panchenko, Alexandar G"]
[Result "1/2-1/2"]
[WhiteElo "2405"]
[BlackElo "2375"]
[Annotator "King,D"]
[PlyCount "126"]
[EventDate "1990.??.??"]
[EventType "tourn"]
[EventRounds "11"]
[EventCountry "URS"]
[EventCategory "6"]
[SourceTitle "CBM 021"]
[Source "ChessBase"]
[SourceDate "1991.04.01"]
[SourceVersion "1"]
[SourceVersionDate "1991.04.01"]
[SourceQuality "1"]

1. e4 Nf6 2. e5 Nd5 3. d4 d6 4. Nf3 dxe5 5. Nxe5 g6 6. Bc4 c6 7. O-O Bg7 8. Nd2
O-O 9. Ndf3 Nd7 10. Nd3 N7b6 11. Bb3 Bg4 12. c3 e6 13. h3 Bxf3 14. Qxf3 Nd7 {
White does not come up with a very effective plan; 15.a4 would at least
preempt black's queenside play(+/=).} 15. Re1 b5 16. g3 a5 17. a3 Re8 18. h4 h5
19. Bg5 Bf6 20. Bd2 a4 21. Ba2 Qe7 22. Re2 Qf8 23. Rae1 Bg7 24. Kg2 Rac8 25.
Bg5 Bh6 26. Bxh6 Qxh6 27. c4 bxc4 28. Bxc4 Qg7 29. Ne5 Red8 30. Rc2 Nxe5 31.
dxe5 Ne7 32. Re4 Ra8 33. Qc3 Nd5 34. Qe1 Ne7 35. Ba2 Ra6 36. Rcc4 Rda8 37. Bb1
Ra5 38. Qe2 Rb5 39. Bd3 Rab8 40. Rc2 R5b7 41. Qe1 Ra7 42. Qc1 Ra5 43. Rce2 Rba8
44. Qe1 Qf8 45. Bc2 Qb8 46. Qc1 Kg7 47. Bd1 R8a7 48. Rb4 Qa8 49. Kh2 Rb5 50.
Rc4 Rd5 51. Ree4 Rda5 52. Qg5 Kf8 53. Red4 Qb8 54. Rd6 Rd5 55. Rb4 Rb7 56. Rxb7
Qxb7 57. Bf3 Rxd6 58. exd6 Nf5 59. Qd8+ Kg7 60. d7 Qxb2 61. Kg2 Qd2 62. Bxc6
Ne3+ 63. Kf3 Qc3 1/2-1/2

[Event "UKR-ch"]
[Site "Simferopol"]
[Date "1990.??.??"]
[Round "?"]
[White "Shmuter, Leonid"]
[Black "Panchenko, Alexandar G"]
[Result "0-1"]
[WhiteElo "2405"]
[BlackElo "2375"]
[Annotator "King,D"]
[PlyCount "114"]
[EventDate "1990.??.??"]
[EventType "tourn"]
[EventRounds "11"]
[EventCountry "URS"]
[EventCategory "6"]
[SourceTitle "CBM 021"]
[Source "ChessBase"]
[SourceDate "1991.04.01"]
[SourceVersion "1"]
[SourceVersionDate "1991.04.01"]
[SourceQuality "1"]

1. e4 Nf6 2. e5 Nd5 3. d4 d6 4. c4 Nb6 5. exd6 cxd6 6. Nc3 g6 7. Be3 Bg7 8. Nf3
Bg4 {>= 8...Nc6,O-O etc.} 9. Rc1 (9. h3 Bxf3 10. Qxf3 Nc6 11. Rd1 Nd7 12. Be2
O-O 13. h4 Qb6 14. Rd2 Qa5 15. h5 Qf5 16. Qxf5 gxf5 {+/-; Eckmann-Ziese.}) 9...
Nc6 10. d5 Ne5 11. Be2 Bxf3 12. gxf3 O-O $15 13. b3 Ned7 14. h4 Nf6 15. Ne4
Nbd7 16. Qd2 b6 17. Bh6 Nc5 18. Ng3 Bxh6 19. Qxh6 Kh8 20. h5 Rg8 21. hxg6 fxg6
22. b4 Ncd7 23. Ne4 Qf8 24. Qh4 Nh5 25. Ng5 Qf5 26. Ne6 Ndf6 27. Qd4 Ng7 28.
Nf4 e5 29. dxe6 Nxe6 30. Nxe6 Qxe6 31. Rh4 Rg7 32. Rc3 Qf5 33. Rf4 Qb1+ 34. Qd1
Qxb4 35. Qd2 Nh5 36. Rd4 Qb1+ 37. Rc1 Qf5 38. Rxd6 Re8 39. Rd8 Rge7 40. Rxe8+
Rxe8 41. Kd1 Nf4 42. Bf1 h5 43. Rc3 h4 44. Kc1 Qf6 45. Kc2 Rd8 46. Qe3 Qf5+ 47.
Kc1 h3 48. Qe7 Rd7 49. Qe8+ Kg7 50. Re3 Qf7 51. Qe5+ Qf6 52. Qe8 Qa1+ 53. Kc2
Qxa2+ 54. Kc3 Qd2+ 55. Kb3 Qd1+ 56. Kc3 Qd6 57. c5 bxc5 0-1

[Event "UKR-ch"]
[Site "Simferopol"]
[Date "1990.??.??"]
[Round "?"]
[White "Stripunsky, Alexander"]
[Black "Panchenko, Alexandar G"]
[Result "0-1"]
[WhiteElo "2310"]
[BlackElo "2375"]
[Annotator "King,D"]
[PlyCount "90"]
[EventDate "1990.??.??"]
[EventType "tourn"]
[EventRounds "11"]
[EventCountry "URS"]
[EventCategory "6"]
[SourceTitle "CBM 021"]
[Source "ChessBase"]
[SourceDate "1991.04.01"]
[SourceVersion "1"]
[SourceVersionDate "1991.04.01"]
[SourceQuality "1"]

1. e4 Nf6 2. e5 Nd5 3. d4 d6 4. Nf3 dxe5 5. Nxe5 g6 6. Bd3 {A novelty, but
that is about the best one can say about the move.} Bg7 7. O-O O-O 8. f4 c5 9.
c4 Nb4 10. d5 Nd7 11. Re1 e6 12. a3 Nxd3 13. Qxd3 exd5 14. Qxd5 Nxe5 15. fxe5
Qh4 16. Re4 Qe7 17. Qd6 Re8 18. Qxe7 Rxe7 19. Bf4 Bf5 20. Re3 Rae8 21. Nc3 Bxe5
22. Nd5 Re6 23. Rxe5 Rxe5 24. Nf6+ Kg7 25. Nxe8+ Rxe8 26. Bd6 b6 27. b4 Re2 28.
Rf1 cxb4 29. axb4 Be4 30. Be5+ Kf8 31. Ra1 Rxg2+ 32. Kf1 Rc2 33. c5 bxc5 34.
bxc5 a6 35. Rd1 Ke7 36. Rd4 Bf3 37. Bd6+ Ke6 38. h4 Bd5 39. Rb4 Bc6 40. Rb6 Kd5
41. Ke1 a5 42. Ra6 a4 43. Ra7 h5 44. Kd1 Rf2 45. Kc1 f6 0-1

[Event "Candidates m6"]
[Site "Sarajevo"]
[Date "1991.??.??"]
[Round "2"]
[White "Huebner, Robert"]
[Black "Timman, Jan H"]
[Result "1/2-1/2"]
[WhiteElo "2620"]
[BlackElo "2630"]
[Annotator "King,D"]
[PlyCount "71"]
[EventDate "1991.01.??"]
[EventType "match"]
[EventRounds "7"]
[EventCountry "BIH"]
[SourceTitle "Candidates"]
[Source "ChessBase"]
[SourceDate "1999.07.01"]
[SourceVersion "2"]
[SourceVersionDate "1999.07.01"]
[SourceQuality "1"]

1. e4 Nf6 2. e5 Nd5 3. d4 d6 4. Nf3 g6 5. Be2 Bg7 6. O-O O-O 7. c4 Nb6 8. Nc3
Nc6 9. exd6 cxd6 10. Be3 Bg4 11. b3 d5 12. c5 Nc8 13. Ne1 $5 (13. b4) (13. h3)
13... Bxe2 14. Nxe2 b6 15. Rc1 e6 16. Qd2 bxc5 17. Rxc5 Qb6 18. Qc3 Nb4 19. Nd3
Na6 20. Rc6 Qb7 21. Qc2 Ne7 22. Rc3 Rfc8 $10 23. Rc1 Rxc3 24. Qxc3 Rc8 25. Qd2
Rxc1+ 26. Qxc1 Qc6 27. Qd2 Nf5 28. g4 Nh4 29. Ne1 Bf8 30. Bg5 Bb4 31. Qe3 Bxe1
32. Bxh4 Bb4 33. Nf4 Bf8 34. Nh5 gxh5 35. Qg5+ Kh8 36. Qf6+ 1/2-1/2

[Event "Groningen op"]
[Site "Groningen"]
[Date "1990.??.??"]
[Round "5"]
[White "Vehi Bach, Victor Manuel"]
[Black "Kindl, Peter"]
[Result "1-0"]
[WhiteElo "2400"]
[BlackElo "2335"]
[Annotator "King,D"]
[PlyCount "71"]
[EventDate "1990.??.??"]
[EventType "swiss"]
[EventRounds "9"]
[EventCountry "NED"]
[SourceTitle "CBM 022"]
[Source "ChessBase"]
[SourceDate "1991.06.01"]
[SourceVersion "1"]
[SourceVersionDate "1991.06.01"]
[SourceQuality "1"]

1. e4 Nf6 2. e5 Nd5 3. d4 d6 4. Nf3 g6 5. Bc4 Nb6 6. Bb3 Nc6 7. Qe2 (7. e6 fxe6
8. Ng5 Bg7 9. Bxe6 Rf8 10. d5 Nd4 $13) (7. exd6 cxd6 8. d5 Ne5 9. Nxe5 dxe5 10.
Be3 Bg7 11. Qd2 O-O 12. Nc3 Bf5 13. Bh6 Rc8 14. Bxg7 Kxg7 15. Qe2 f6 16. g4 Bd7
17. h4 Qc7 18. O-O-O $36 {Kavalek-Ernst, 1987.}) 7... Bg7 8. O-O O-O 9. h3 Na5
10. Nc3 (10. e6 Nxb3 11. exf7+ Rxf7 12. axb3 h6 $132 {De Firmian-Alburt, 1986.}
) 10... c6 (10... Nxb3 11. axb3 Bf5 12. Rd1 c6 13. Bf4 f6 14. exd6 exd6 15. d5
c5 16. Re1 g5 17. Bg3 Rf7 18. h4 $14 {Kapengut-Barkovsky, 1984.}) 11. Ne4 d5
12. Nc5 Nbc4 13. c3 b6 14. Nd3 Nxb3 15. axb3 Na5 16. Ra3 $14 Bf5 17. Bf4 Nb7
18. b4 a5 19. Rfa1 Qd7 20. Nd2 Rac8 21. bxa5 Nxa5 22. b4 Nc4 23. Ra7 Qe6 24.
Bg5 Bxd3 25. Qxd3 f6 26. exf6 exf6 27. Bf4 Rfe8 28. Nxc4 dxc4 29. Qf3 g5 30.
Bc7 b5 31. R1a6 Qd5 32. Rxc6 Qxf3 33. gxf3 Re1+ 34. Kg2 Rc1 35. d5 Rxc3 36. Be5
1-0

[Event "Kolkata"]
[Site "Kolkata"]
[Date "1991.??.??"]
[Round "?"]
[White "Prasad, Devaki V"]
[Black "Palatnik, Semon"]
[Result "1/2-1/2"]
[WhiteElo "2420"]
[BlackElo "2450"]
[Annotator "King,D"]
[PlyCount "24"]
[EventDate "1991.01.??"]
[EventType "tourn"]
[EventRounds "10"]
[EventCountry "IND"]
[EventCategory "11"]
[SourceTitle "CBM 022"]
[Source "ChessBase"]
[SourceDate "1991.06.01"]
[SourceVersion "1"]
[SourceVersionDate "1991.06.01"]
[SourceQuality "1"]

1. e4 Nf6 2. e5 Nd5 3. d4 d6 4. Nf3 g6 5. Bc4 c6 6. O-O Bg7 7. exd6 Qxd6 8. Re1
Bg4 9. c3 (9. h3 $1 Bxf3 10. Qxf3 e6 11. Nc3 $14) 9... Nd7 10. h3 Bxf3 11. Qxf3
O-O 12. Nd2 e5 1/2-1/2

[Event "CRO-ch"]
[Site "Slavonski Brod"]
[Date "1995.??.??"]
[Round "?"]
[White "Ljubicic, Filip"]
[Black "Zelcic, Robert"]
[Result "0-1"]
[WhiteElo "2395"]
[BlackElo "2500"]
[Annotator "King,D"]
[PlyCount "76"]
[EventDate "1995.02.??"]
[EventType "tourn"]
[EventRounds "13"]
[EventCountry "CRO"]
[EventCategory "10"]
[SourceTitle "CBM 048"]
[Source "ChessBase"]
[SourceDate "1995.10.01"]
[SourceVersion "1"]
[SourceVersionDate "1995.10.01"]
[SourceQuality "1"]

1. e4 Nf6 2. e5 Nd5 3. d4 d6 4. Nf3 c6 5. Be2 dxe5 6. Nxe5 Nd7 7. Nxd7 Bxd7 8.
O-O Bf5 9. a3 Qc7 10. c4 Nf6 11. Nc3 e6 12. Be3 h5 13. h3 Bd6 14. f4 O-O-O 15.
Qa4 g5 {This is a most unexpected move. As we have already seen, time is of
the essence when attacks are initiated on opposite wings. Instead of defending
the Pa7, Black begins his own attack in explosive fashion.} 16. d5 (16. fxg5
Ng4 17. hxg4 Bh2+ 18. Kh1 hxg4 $19) 16... Bxf4 17. Bxf4 gxf4 18. dxc6 bxc6 19.
Bf3 Rd2 20. Rad1 Qb6+ 21. Kh1 Bc2 22. Rxd2 Bxa4 23. Nxa4 Qa5 24. Nc3 Rd8 25.
Rxd8+ Qxd8 26. Rd1 Qb6 27. Rd6 Qxb2 28. Rxc6+ Kd8 29. Nb5 Nd7 30. Nxa7 Ne5 31.
Rd6+ Ke7 32. Nc8+ Kf6 33. Bxh5 f3 34. Bxf3 Nxf3 35. gxf3 Ke5 36. Rd7 Kf4 37.
Nd6 f5 38. Nf7 Kg3 0-1

[Event "Biel-B"]
[Site "Biel"]
[Date "1990.??.??"]
[Round "8"]
[White "Barlov, Dragan"]
[Black "D'Amore, Carlo"]
[Result "1-0"]
[WhiteElo "2495"]
[BlackElo "2425"]
[Annotator "King,D"]
[PlyCount "107"]
[EventDate "1990.07.??"]
[EventType "tourn"]
[EventRounds "11"]
[EventCountry "SUI"]
[EventCategory "10"]
[SourceTitle "CBM 019"]
[Source "ChessBase"]
[SourceDate "1990.12.01"]
[SourceVersion "1"]
[SourceVersionDate "1990.12.01"]
[SourceQuality "1"]

1. Nf3 g6 2. e4 Bg7 3. d4 d6 4. Bc4 Nf6 5. Qe2 {An underrated line. White's
development is uncomplicated.} O-O 6. e5 dxe5 7. dxe5 Nd5 8. h3 c6 9. O-O Na6
10. Rd1 Qc7 11. Bxd5 cxd5 12. Nc3 Qc4 13. Qxc4 dxc4 14. Nd5 Be6 15. Nxe7+ Kh8
16. Bg5 c3 17. bxc3 Nc5 18. Rd4 Nd7 19. Re1 h6 20. Rh4 Rfe8 21. a3 Bf8 22. Bf6+
Nxf6 23. exf6 Bxe7 24. Rxh6+ Kg8 25. fxe7 Rxe7 26. Rh4 Rc7 27. Nd4 Bd7 28. Re7
Re8 29. Rxe8+ Bxe8 30. Re4 Kf8 31. c4 Bd7 32. Nb5 Bxb5 33. cxb5 Rxc2 34. a4 Rb2
35. f3 a6 36. bxa6 bxa6 37. Re5 Kg7 38. Ra5 Rb6 39. Kf2 f6 40. h4 Kh6 41. g4
Rc6 42. Kg3 Rb6 43. Rc5 Rb4 44. a5 Ra4 45. Rc6 Rxa5 46. Rxf6 Kg7 47. Rc6 Ra4
48. Rc7+ Kg8 49. Ra7 a5 50. g5 Kh8 51. f4 Ra1 52. f5 a4 53. fxg6 a3 54. Kg4 1-0

[Event "HUN-ch"]
[Site "Budapest"]
[Date "1996.??.??"]
[Round "4"]
[White "Palkovi, Jozsef"]
[Black "Varga, Zoltan"]
[Result "0-1"]
[WhiteElo "2460"]
[BlackElo "2450"]
[Annotator "King,D"]
[PlyCount "76"]
[EventDate "1996.12.??"]
[EventType "tourn"]
[EventRounds "11"]
[EventCountry "HUN"]
[EventCategory "9"]
[SourceTitle "CBM 057"]
[Source "ChessBase"]
[SourceDate "1997.04.01"]
[SourceVersion "1"]
[SourceVersionDate "1997.04.01"]
[SourceQuality "1"]

1. e4 Nf6 2. e5 Nd5 3. d4 d6 4. Nf3 g6 5. Bc4 Nb6 6. Bb3 d5 7. O-O a5 8. a4 Bg4
9. Nbd2 e6 10. h3 Bxf3 11. Nxf3 c5 12. dxc5 Bxc5 13. Bh6 Nc6 14. c3 Bf8 15. Bf4
(15. Qd2 {appears better, keeping control over the black squares on the
kingside.}) 15... h6 16. Qd2 g5 17. Bg3 Bg7 18. Rfe1 Nd7 19. Nd4 Qb6 20. Qe3
Bxe5 21. Bxe5 Ncxe5 22. f4 gxf4 23. Qxf4 f6 24. Kh1 Nd3 25. Qf5 Nxe1 26. Nxe6
Nd3 27. Bxd5 N3e5 28. Re1 Ke7 29. Nf4 Rae8 30. Rd1 Kd8 31. Be6 Rxe6 32. Nxe6+
Kc8 33. b4 Rg8 34. Nc5 Qc6 35. Rd2 Rg5 36. Qh7 f5 37. Qe7 Rg8 38. Rd6 Qxg2# 0-1

[Event "USA-ch m"]
[Site "Jacksonville"]
[Date "1990.??.??"]
[Round "4"]
[White "Christiansen, Larry Mark"]
[Black "Alburt, Lev O"]
[Result "0-1"]
[WhiteElo "2595"]
[BlackElo "2530"]
[Annotator "King,D"]
[PlyCount "92"]
[EventDate "1990.08.??"]
[EventType "k.o."]
[EventRounds "4"]
[EventCountry "USA"]
[SourceTitle "CBM 021"]
[Source "ChessBase"]
[SourceDate "1991.04.01"]
[SourceVersion "1"]
[SourceVersionDate "1991.04.01"]
[SourceQuality "1"]

1. e4 Nf6 2. e5 Nd5 3. d4 d6 4. Nf3 g6 5. Bc4 Nb6 6. Bb3 Bg7 7. a4 dxe5 8. a5
N6d7 9. Bxf7+ Kxf7 10. Ng5+ Kg8 11. Ne6 Qe8 12. Nxc7 {This line was formerly
discredited because of a game in which black played 12...Qf7, but did not get
enough for the exchange. Alburt's move is a significant improvement.} Qd8 $1
$44 13. Nxa8 exd4 14. c3 Nc5 15. cxd4 (15. b4 Ne4 16. Qb3+ e6 17. cxd4 Nc6 $1 {
~/= Dlugy.}) 15... Bxd4 16. O-O e5 17. Be3 Nba6 18. Nc3 Bf5 19. Rc1 Kg7 20.
Bxd4 Qxd4 21. b4 Nd3 22. Ne2 Qd7 23. Rc3 Rxa8 24. g4 Nb2 25. Qc1 Bd3 26. Qxb2
Qxg4+ 27. Ng3 Bxf1 28. Kxf1 Qd4 29. Qc1 Rf8 30. Qe3 Qxe3 31. Rxe3 Nxb4 32. Rb3
Rf4 33. Rc3 Na6 34. Re3 Nc5 35. Rc3 b6 36. axb6 axb6 37. Ke1 h5 38. h3 Rb4 39.
Ke2 Kf6 40. Rc2 Kg5 41. Rd2 Ne6 42. Ke3 Nf4 43. Ne4+ Kf5 44. Nd6+ Ke6 45. Nc8
Rb3+ 46. Ke4 Nd5 0-1